Countries That Start And End With The Same Letter - Statistics

General Stats
  • This quiz has been taken 64 times
  • The average score is 11 of 15
Answer Stats
Countries % Correct
Armenia
95%
Australia
93%
Austria
93%
Algeria
91%
Andorra
88%
Albania
86%
Argentina
86%
Angola
82%
Antigua And Barbuda
79%
Seychelles
63%
Saint Kitts And Nevis
60%
Saint Vincent And The Grenadines
54%
Solomon Islands
49%
Central African Republic
35%
Czech Republic
30%
No matching quizzes found
Score Distribution
Percent of People with Each Score
Percentile by Number Answered
Your Score History
You have not taken this quiz